| 000 | 00338pam a2200133a 44500 | ||
|---|---|---|---|
| 008 | 230405s1986 xxu||||| |||| 00| 0 eng d | ||
| 041 | _aENG | ||
| 100 | _aWILLARD MERRITT | ||
| 245 | _aINSTRUMENTAL METHODS OF ANALYSIS (MERRIT) | ||
| 250 | _a1 | ||
| 260 |
_aNEW YORK _bJOHN WILLY & SONS NEW YORK _c1986 |
||
| 300 | _a895 | ||
| 906 | _a4533 | ||
| 999 |
_c279804 _d279804 |
||